000
00279nam a2200121 a 4500
005
20141022142002.0
008
090305s19uu xx 00 eng d
050
_a
AVM
245
_a
Map of the Philippines.
650
_a
VCD.
650
_a
Map of the Philippines
942
_c
AVM
999
_c
276337
_d
276337